00770nab a2200205uuc4500001000800000005001700008008004100025035001200066040001300078041000800091100004600099245011600145650004800261650004200309650003300351700004800384773010300432942001000535999001900545139072920240921090810.0141106e20111205 spa  a1390729 ccomduadb aspa10aChaman García, Iván4auteaut969909910aAjuste e integración numérica de funciones muy oscilantes usando redes neuronales artificiales supervisadas 7aRedes neurales (Computadores)2lemb9198995 7aIntegración numérica2lemb932912 aFunciones oscilantes921228110aSandoval Solís, Lourdes4auteaut96823970 tInvestigación Operacional (La Habana)gVol. 32, No. 03, 2011, 193-203w508470x0257-43060122068 cARIMP c698432d698432